[Event "DEN-ch Kort1 Gr-1"]
[Site "Svendborg"]
[Date "2022.04.09"]
[Round "1"]
[White "Jungberg, Lasse"]
[Black "Christensen, John Christoffer H"]
[Result "0-1"]
[WhiteElo "1740"]
[BlackElo "1837"]
[PlyCount "98"]
[EventDate "2022.04.09"]
[EventType "swiss"]
[EventRounds "5"]
[EventCountry "DEN"]
[SourceTitle "EXT 2024"]
[Source "ChessBase"]
[SourceDate "2023.10.10"]
[SourceVersion "1"]
[SourceVersionDate "2023.10.10"]
[SourceQuality "1"]

1. e4 c5 2. Nf3 e6 3. d4 cxd4 4. Nxd4 a6 5. Nc3 Qc7 6. Be2 Nf6 7. a3 b5 8. 0-0 Bb7 9. Bd3 Be7 10. Be3 0-0 11. h3 d5 12. exd5 Nxd5 13. Nxd5 Bxd5 14. Qd2 Bf6 15. c3 Nd7 16. Qc2 g6 17. Be4 Nb6 18. Bxd5 Nxd5 19. Qe2 Rfd8 20. Rad1 Rd7 21. Rd2 Rad8 22. Rfd1 Kg7 23. Nb3 h6 24. Bd4 e5 25. Be3 Be7 26. Qf3 Nxe3 27. Rxd7 Rxd7 28. fxe3 Bg5 29. Rxd7 Qxd7 30. e4 Qe6 31. Nc5 Qd6 32. Nd3 h5 33. Qg3 Bf6 34. Nb4 Qd1+ 35. Kh2 Qb1 36. Nd3 h4 37. Qf3 Qc2 38. Kg1 Qd2 39. Kf1 Qc2 40. Qe2 Qb1+ 41. Kf2 g5 42. Nb4 Bd8 43. Nc6 Bb6+ 44. Kf3 Qc1 45. g3 hxg3 46. Kxg3 Qg1+ 47. Qg2 Qe1+ 48. Kh2 Be3 49. h4 Bf4+ 0-1

[Event "EU-ch Online U12"]
[Site "Tornelo INT"]
[Date "2020.09.20"]
[Round "7"]
[White "Venkatesan, Kavin"]
[Black "Christensen, John Christoffer H"]
[Result "1-0"]
[WhiteElo "1739"]
[BlackElo "1899"]
[PlyCount "185"]
[EventDate "2020.09.18"]
[EventType "swiss (rapid)"]
[EventRounds "9"]
[EventCountry "NET"]
[SourceTitle "EXT 2023"]
[Source "ChessBase"]
[SourceDate "2022.10.05"]
[SourceVersion "1"]
[SourceVersionDate "2022.10.05"]
[SourceQuality "1"]
[WhiteTeam "Irland"]
[WhiteTeamCountry "IRL"]

1. d4 f5 2. c4 Nf6 3. Nc3 g6 4. f3 Bg7 5. e4 fxe4 6. fxe4 0-0 7. Nf3 d6 8. Be2 Nbd7 9. 0-0 c6 10. Bg5 Qe8 11. Qd2 e6 12. Rae1 Rf7 13. Bd1 e5 14. d5 Qf8 15. b4 h6 16. Bh4 g5 17. Bg3 a6 18. Bb3 c5 19. a3 Nh5 20. Bd1 Nxg3 21. hxg3 b6 22. Nh2 Nf6 23. Rf2 Qe7 24. Ref1 Bd7 25. bxc5 bxc5 26. Qd3 Raf8 27. g4 Qd8 28. Bf3 Qc8 29. Qe2 h5 30. Qd3 hxg4 31. Be2 Nh5 32. Rxf7 Rxf7 33. Rxf7 Kxf7 34. g3 Kg6 35. Nd1 Nf6 36. Nf2 Qb8 37. Nhxg4 Qb2 38. Nxf6 Bxf6 39. Qf3 Qa1+ 40. Kg2 Qc1 41. Qh5+ Kg7 42. Qf3 Qb2 43. Ng4 Bxg4 44. Qxg4 Qb7 45. Qf5 Qf7 46. Bg4 Qb7 47. Bh5 Qe7 48. Qg6+ Kh8 49. g4 Qg7 50. Qe8+ Qg8 51. Qd7 Qf8 52. Qb7 Be7 53. Qxa6 Qf4 54. Qc8+ Kg7 55. Qf5 Qd2+ 56. Kg3 Qf4+ 57. Qxf4 exf4+ 58. Kf3 Kf6 59. Be8 Bd8 60. a4 Ke5 61. Bb5 Kd4 62. Ba6 Kc3 63. Bb5 Kb3 64. e5 dxe5 65. d6 Kc3 66. Ke4 Kd2 67. Kxe5 f3 68. Bc6 f2 69. Bg2 Kd3 70. Kd5 Bb6 71. d7 Kc3 72. a5 Bxa5 73. Kxc5 Bb4+ 74. Kd5 Ba5 75. c5 Kb4 76. c6 Bc7 77. Ke6 Kc5 78. Ke7 Bd6+ 79. Ke8 Bc7 80. d8Q Bxd8 81. Kxd8 Kd4 82. c7 Ke3 83. c8Q Kf4 84. Qc7+ Kxg4 85. Qh2 Kf5 86. Bh3+ g4 87. Bxg4+ Kxg4 88. Qxf2 Kg5 89. Ke7 Kg6 90. Ke6 Kg7 91. Qg3+ Kh8 92. Kf7 Kh7 93. Qh3# 1-0

[Event "EU-ch Online U12"]
[Site "Tornelo INT"]
[Date "2020.09.19"]
[Round "4"]
[White "Christensen, John Christoffer H"]
[Black "Von Mettenheim, Johannes"]
[Result "0-1"]
[WhiteElo "1899"]
[BlackElo "1945"]
[PlyCount "120"]
[EventDate "2020.09.18"]
[EventType "swiss (rapid)"]
[EventRounds "9"]
[EventCountry "NET"]
[SourceTitle "EXT 2023"]
[Source "ChessBase"]
[SourceDate "2022.10.05"]
[SourceVersion "1"]
[SourceVersionDate "2022.10.05"]
[SourceQuality "1"]
[BlackTeam "Germany"]
[BlackTeamCountry "GER"]

1. e4 c6 2. d4 d5 3. Nc3 dxe4 4. Nxe4 Bf5 5. Ng3 Bg6 6. Bc4 e6 7. N1e2 Bd6 8. 0-0 Ne7 9. f4 0-0 10. c3 Qc7 11. Bd3 Nd7 12. Bxg6 hxg6 13. Ne4 Nf6 14. Nxd6 Qxd6 15. Ng3 Nf5 16. Qf3 Qd5 17. Be3 Nh4 18. Qxd5 cxd5 19. h3 Nf5 20. Bf2 Nxg3 21. Bxg3 Ne4 22. Bh4 Rfe8 23. Rf3 b5 24. Be1 Rab8 25. a3 Rec8 26. Rd1 a5 27. Rdd3 Ra8 28. Kf1 Nd6 29. g4 Kf8 30. Rf2 Ke7 31. Re2 Kd7 32. Bd2 Nc4 33. Bc1 Rab8 34. Ke1 b4 35. axb4 axb4 36. Kd1 b3 37. Ke1 Ra8 38. Rd1 Ra2 39. Kf2 Ra1 40. Ke1 Rb1 41. Rf2 Ra8 42. f5 Raa1 43. fxe6+ Kxe6 44. Re2+ Kd7 45. Bg5 Rxd1+ 46. Kf2 f6 47. Bf4 g5 48. Bg3 Rd2 49. h4 Rxe2+ 50. Kxe2 gxh4 51. Bxh4 Nxb2 52. g5 fxg5 53. Bxg5 Nc4 54. Kf3 b2 55. Bf4 b1Q 56. Kg4 Qg6+ 57. Kf3 Qe4+ 58. Kg4 Rg1+ 59. Kh3 Qg2+ 60. Kh4 Qg4# 0-1

[Event "Groningen op-B 57th"]
[Site "Groningen"]
[Date "2019.12.24"]
[Round "4"]
[White "Christensen, John Christoffer H"]
[Black "Slagter, Ruben"]
[Result "0-1"]
[WhiteElo "1848"]
[BlackElo "2077"]
[PlyCount "52"]
[EventDate "2019.12.21"]
[EventType "swiss"]
[EventRounds "9"]
[EventCountry "NED"]
[SourceTitle "CBM 194 Extra"]
[Source "ChessBase"]
[SourceDate "2020.03.31"]
[SourceVersion "1"]
[SourceVersionDate "2020.03.31"]
[SourceQuality "1"]

1. e4 c5 2. Nf3 g6 3. d4 cxd4 4. Nxd4 Bg7 5. Be3 Nc6 6. Nc3 Nf6 7. f3 0-0 8. Qd2 d5 9. Nxc6 bxc6 10. 0-0-0 Be6 11. Qf2 Qa5 12. Bd4 dxe4 13. fxe4 Bxa2 14. Be2 Be6 15. Kb1 c5 16. Be5 Nxe4 17. Nxe4 Bxe5 18. c4 Rab8 19. Rd2 Bf5 20. Bf3 Rb3 21. Rc1 Rfb8 22. Rcc2 Ra3 23. Rc1 Ra1+ 24. Kc2 Rxb2+ 25. Kd1 Rxc1+ 26. Kxc1 Qa1# 0-1

[Event "Aarhus-ch"]
[Site "Aarhus"]
[Date "2019.02.17"]
[Round "6"]
[White "Christensen, John Christoffer H"]
[Black "Nilssen, Ellen Fredericia"]
[Result "0-1"]
[WhiteElo "1814"]
[BlackElo "2028"]
[PlyCount "86"]
[EventDate "2019.02.14"]
[EventType "swiss"]
[EventRounds "7"]
[EventCountry "DEN"]
[SourceTitle "EXT 2021"]
[Source "ChessBase"]
[SourceDate "2020.10.23"]
[SourceVersion "1"]
[SourceVersionDate "2020.10.23"]
[SourceQuality "1"]

1. e4 e6 2. d4 d5 3. Nc3 Bb4 4. Nge2 dxe4 5. a3 Bxc3+ 6. Nxc3 Nc6 7. Bb5 Nge7 8. 0-0 a6 9. Bxc6+ Nxc6 10. Be3 0-0 11. Qd2 f5 12. Rad1 Ne7 13. Bg5 h6 14. Bxe7 Qxe7 15. d5 exd5 16. Nxd5 Qf7 17. Qf4 Bd7 18. Qxc7 Bc6 19. Qxf7+ Rxf7 20. Rd4 a5 21. Rfd1 Re8 22. c4 g5 23. Re1 Kg7 24. b4 Rd8 25. Red1 Ba4 26. R1d2 Bb3 27. Nb6 Rxd4 28. Rxd4 axb4 29. axb4 Bc2 30. Kf1 f4 31. c5 h5 32. Ke1 Bd3 33. Nc4 Re7 34. b5 Rc7 35. Nd6 Rxc5 36. Nxe4 Bxe4 37. Rxe4 Rxb5 38. h4 Kf6 39. g3 Kf5 40. Re8 fxg3 41. fxg3 gxh4 42. gxh4 Rb4 43. Rb8 Kg4 0-1

[Event "Wch U10 blitz"]
[Site "Minsk"]
[Date "2018.06.24"]
[Round "2"]
[White "Gavrilov, Maxim"]
[Black "Christensen, John Christoffer H"]
[Result "0-1"]
[WhiteElo "1338"]
[BlackElo "1773"]
[PlyCount "76"]
[EventDate "2018.06.24"]
[EventType "swiss (blitz)"]
[EventRounds "9"]
[EventCountry "BLR"]
[SourceTitle "EXT 2019"]
[Source "ChessBase"]
[SourceDate "2018.10.10"]
[SourceVersion "1"]
[SourceVersionDate "2018.10.10"]
[SourceQuality "1"]

1. d4 d5 2. c4 c6 3. Nc3 Nf6 4. e3 e6 5. Bd3 dxc4 6. Bxc4 b5 7. Bd3 a6 8. Nf3 Bb7 9. 0-0 Nbd7 10. Qc2 Rc8 11. a3 Be7 12. b4 0-0 13. Bb2 Nb6 14. Ne4 Nxe4 15. Bxe4 Nc4 16. Bxh7+ Kh8 17. Bd3 Nxb2 18. Qxb2 c5 19. Ne5 Qd5 20. f4 cxb4 21. axb4 Bxb4 22. e4 Bc3 23. Qxc3 Qxe5 24. Qb2 Qd6 25. Qf2 Kg8 26. Kh1 Qe7 27. Rae1 Rc3 28. Qd2 b4 29. Rc1 Rfc8 30. Rxc3 bxc3 31. Qc2 Qb4 32. d5 exd5 33. exd5 Bxd5 34. Rb1 Qxf4 35. h3 Qd2 36. Qxd2 cxd2 37. Rd1 Rc1 38. Be2 Bb3 0-1

[Event "EU Union-ch U10 15th"]
[Site "Mureck"]
[Date "2017.08.08"]
[Round "7"]
[White "Christensen, John Christoffer H"]
[Black "Hoffmann, Kay"]
[Result "1/2-1/2"]
[WhiteElo "1603"]
[BlackElo "1053"]
[PlyCount "86"]
[EventDate "2017.08.02"]
[EventType "swiss"]
[EventRounds "9"]
[EventCountry "AUT"]
[SourceTitle "CBM 180 Extra"]
[Source "ChessBase"]
[SourceDate "2017.10.06"]
[SourceVersion "1"]
[SourceVersionDate "2017.10.06"]
[SourceQuality "1"]

1. e4 d5 2. exd5 Qxd5 3. Nc3 Qd6 4. Be2 Nf6 5. Nf3 c6 6. d3 Bf5 7. 0-0 Nbd7 8. Be3 e6 9. Qd2 Nd5 10. a3 Nxe3 11. fxe3 Be7 12. e4 Bg6 13. Qe3 Ne5 14. d4 Nxf3+ 15. Bxf3 0-0-0 16. Ne2 h6 17. c3 Bg5 18. Qf2 e5 19. dxe5 Qd3 20. Qg3 Bxe4 21. Bg4+ Kb8 22. Qxd3 Bxd3 23. Rxf7 h5 24. Bf3 g6 25. b4 Rhe8 26. h4 Bxh4 27. Nd4 Re7 28. Rxe7 Bxe7 29. Bxc6 Rc8 30. Rd1 Bf5 31. Nxf5 gxf5 32. Bf3 Rxc3 33. Rd7 Rc7 34. Rxc7 Kxc7 35. Bxh5 Kc6 36. Bf3+ Kb5 37. Bxb7 Ka4 38. Bc8 Kxa3 39. Bxf5 Kxb4 40. Kf2 Kc5 41. Ke3 Kd5 42. Kf4 Bh4 43. g3 Bxg3+ 1/2-1/2

[Event "EU Union-ch U10 15th"]
[Site "Mureck"]
[Date "2017.08.05"]
[Round "4"]
[White "Petculescu, Diana Silvana"]
[Black "Christensen, John Christoffer H"]
[Result "1/2-1/2"]
[WhiteElo "1175"]
[BlackElo "1603"]
[PlyCount "120"]
[EventDate "2017.08.02"]
[EventType "swiss"]
[EventRounds "9"]
[EventCountry "AUT"]
[SourceTitle "CBM 180 Extra"]
[Source "ChessBase"]
[SourceDate "2017.10.06"]
[SourceVersion "1"]
[SourceVersionDate "2017.10.06"]
[SourceQuality "1"]

1. e4 c5 2. Nf3 d6 3. d4 cxd4 4. Nxd4 Nf6 5. Nc3 a6 6. Bg5 e6 7. Bc4 Be7 8. 0-0 0-0 9. Kh1 b5 10. Bb3 b4 11. Nce2 Nxe4 12. Bxe7 Qxe7 13. f3 Nc5 14. Ng3 Bb7 15. Re1 Qc7 16. Ne4 d5 17. Nxc5 Qxc5 18. Ne2 Nc6 19. Rc1 Rac8 20. c3 a5 21. cxb4 Qxb4 22. Rb1 Rc7 23. Nc3 Rfc8 24. Qe2 Nd4 25. Qd1 h6 26. a3 Qb6 27. Ba2 Nb5 28. Qb3 Bc6 29. a4 Rb7 30. axb5 Bxb5 31. Nxb5 Qxb5 32. Qxb5 Rxb5 33. b3 Rc2 34. Ra1 Rb2 35. Kg1 Rc5 36. Reb1 Rcc2 37. Rxb2 Rxb2 38. h3 d4 39. Kf1 d3 40. h4 Kf8 41. g4 Ke7 42. Ke1 Kd6 43. Kd1 Ke5 44. Kc1 Rc2+ 45. Kd1 Rf2 46. Bb1 Rxf3 47. Rxa5+ Ke4 48. Kd2 f5 49. Ra4+ Ke5 50. gxf5 exf5 51. Bxd3 g5 52. hxg5 hxg5 53. Ke2 Rh3 54. Ra5+ Kd4 55. Bxf5 Rxb3 56. Bc2 Rb2 57. Kd2 g4 58. Rg5 Rb4 59. Rxg4+ Kc5 60. Rxb4 Kxb4 1/2-1/2

[Event "DEN-ch Kort1 B"]
[Site "Skorping"]
[Date "2017.04.10"]
[Round "5"]
[White "Christensen, John Christoffer H"]
[Black "Iversen, Flemming Pagh"]
[Result "0-1"]
[WhiteElo "1408"]
[BlackElo "1691"]
[PlyCount "80"]
[EventDate "2017.04.08"]
[EventType "swiss"]
[EventRounds "5"]
[EventCountry "DEN"]
[SourceTitle "EXT 2023"]
[Source "ChessBase"]
[SourceDate "2022.10.05"]
[SourceVersion "1"]
[SourceVersionDate "2022.10.05"]
[SourceQuality "1"]

1. d4 Nf6 2. c4 g6 3. Nc3 Bg7 4. Nf3 0-0 5. Bf4 d6 6. e4 Nh5 7. Bg3 Nd7 8. Be2 e5 9. Bh4 Nhf6 10. d5 a5 11. 0-0 Nc5 12. a3 a4 13. Ne1 Bd7 14. Nd3 Nb3 15. Rb1 Qe8 16. Nc1 Nd4 17. f3 Nh5 18. Nd3 f5 19. Bf2 Qe7 20. Bxd4 exd4 21. Nb5 Bxb5 22. cxb5 fxe4 23. fxe4 Qxe4 24. Bf3 Qe3+ 25. Kh1 Nf4 26. Nxf4 Qxf4 27. Be2 Qg5 28. Rc1 Qe7 29. Re1 Be5 30. Bg4 Qh4 31. Be6+ Kh8 32. Bh3 Rf2 33. Rxc7 Qf4 34. g3 Rxh2+ 35. Kxh2 Qxg3+ 36. Kh1 Qxh3+ 37. Kg1 Qh2+ 38. Kf1 Rf8+ 39. Rf7 Rxf7+ 40. Qf3 Rxf3# 0-1

[Event "DEN-ch Kort1 B"]
[Site "Skorping"]
[Date "2017.04.10"]
[Round "4"]
[White "Holm, Filip"]
[Black "Christensen, John Christoffer H"]
[Result "1-0"]
[WhiteElo "1675"]
[BlackElo "1408"]
[PlyCount "69"]
[EventDate "2017.04.08"]
[EventType "swiss"]
[EventRounds "5"]
[EventCountry "DEN"]
[SourceTitle "EXT 2023"]
[Source "ChessBase"]
[SourceDate "2022.10.05"]
[SourceVersion "1"]
[SourceVersionDate "2022.10.05"]
[SourceQuality "1"]

1. e4 c6 2. d4 d5 3. f3 dxe4 4. fxe4 e6 5. Nf3 Nf6 6. e5 Nd5 7. c4 Nb6 8. Nc3 Bb4 9. a3 Bxc3+ 10. bxc3 0-0 11. a4 Re8 12. Ba3 N6d7 13. Bd6 b6 14. c5 a5 15. cxb6 Nxb6 16. c4 N8d7 17. c5 Nd5 18. Bc4 Nf8 19. Qd2 Ng6 20. Rb1 Nge7 21. 0-0 Nf5 22. Bxd5 exd5 23. Rb6 Nxd6 24. exd6 Bd7 25. Ne5 f6 26. Nxc6 Bxc6 27. Rxc6 Qd7 28. Rc7 Qd8 29. Re1 h6 30. Ree7 Rxe7 31. Rxe7 Kh8 32. Qa2 Kh7 33. Qxd5 Rb8 34. Qe4+ Kh8 35. d7 1-0